|
|
|
|
| LEADER |
01009nam a22002891a 4500 |
| 001 |
000034204 |
| 003 |
10396 |
| 005 |
20211129160758.0 |
| 008 |
151027s1999 000 vie |
| 082 |
|
|
|a VIE
|a 495.92
|b ĐI-L
|
| 100 |
|
|
|a Dinh Trong Lac
|
| 245 |
|
0 |
|a Phong cach hoc tieng viet /
|c Dinh Trong Lac.
|
| 260 |
|
|
|a -H :
|b Giao duc,
|c 1999.
|
| 300 |
|
|
|a 20,5cm :
|b 356tr;.
|
| 650 |
|
|
|a Ngon ngư
|x Nhung ngon ngu khac
|y Ngon ngu tieng viet
|
| 653 |
|
|
|a Phong cach hoc tieng viet,Dinh Trong Lac,1999
|
| 700 |
|
|
|a bien tap:
|b Phan Xuan Thanh
|
| 916 |
|
|
|a Ngon ngu tieng viet
|
| OWN |
|
|
|a LNN
|
| AVA |
|
|
|a UDN50
|b LNN
|d 495.92 DI-L
|e available
|t Error 5001 Not defined in file expand_doc_bib_avail.
|f 2
|g 0
|h N
|i 0
|k 1
|
| 999 |
|
|
|a From the UDN01
|
| AVA |
|
|
|a UDN50
|b LNN
|d 495.92 DI-L
|e available
|t Error 5001 Not defined in file expand_doc_bib_avail.
|f 2
|g 0
|h N
|i 0
|k 1
|
| TYP |
|
|
|a Monograph
|
| 980 |
|
|
|a Mạng thư viện Đại học Đà Nẵng
|